Normal view
MARC view
- Ojeda Martínez, Josefina A.
Entry Nombre Personal
001 - NUMERO DE CONTROL
- campo de control: 32808
003 - IDENTIFICADOR DE NUMERO DE CONTROL
- campo de control: UPN
005 - FECHA Y HORA DE LA ÜLTIMA TRANSACCIÓN
- campo de control: 20210219194436.0
008 - DATOS DE LONGITUD FIJA
- campo de control de longitud fija: nabaccnnaabn|||||||||| b |nc|||||d
035 ## - NUMERO DE CONTROL
- Número de control: UPN11000004915
040 ## - FUENTE DE CATALOGACIÓN
- Lenguaje de catalogación: SPA
- Agencia de transcripción: UPN
100 1# - ENCABEZAMIENTO - NOMBRE PERSONAL
- Nombre personal: Ojeda Martínez, Josefina A.
670 ## - FUENTE EN LA QUE SE LOCALIZARON DATOS
- Cita de la fuente: T
- Uniform Resource Identifier: http://eib.sep.gob.mx/vufind/Author/Home?author=Ojeda%20Mart%C3%ADnez%2C%20Josefina%20A.
902 ## - CATALOGADOR
- Catalogador: CAA/211112
